00356pab a2200121 454500008004000000100002400040245007900064260000900143300001300152362001100165650002400176773003400200180718b2015 xxu||||| |||| 00| 0 eng d aSangwan, Sher Singh aMore credit for agricultural households? NSSO's 70th round on indebtedness c2015 ap.23-24. a18 Apr aAgricultural credit aEconomic and Political Weekly